It looks like you're offline.
Open Library logo
additional options menu

MARC Record from Scriblio

Record ID marc_records_scriblio_net/part18.dat:41727411:708
Source Scriblio
Download Link /show-records/marc_records_scriblio_net/part18.dat:41727411:708?format=raw

LEADER: 00708cam 2200241 a 4500
001 85127468
003 DLC
005 20030227170041.0
008 850308s1978 enk 000 1 eng
010 $a 85127468
020 $a0330253603 (pbk.) :$c£1.75
040 $aDLC$cDLC$dDLC
050 00 $aPR6069.H345$bW49 1983
082 00 $a823/.914$219
100 1 $aSharpe, Tom,$d1928-
245 10 $aWilt /$cTom Sharpe.
260 $aLondon :$bPan Books in association with Secker & Warburg,$c1978$e(1983 printing)
300 $a220 p. ;$c18 cm.
650 0 $aCollege teachers$xFiction.
651 0 $aEngland$xFiction.
655 7 $aHumorous stories.$2gsafd
655 7 $aCollege stories.$2lcsh
655 7 $aSatire.$2gsafd